[Event "Waikato under 1800"]
[Site "Hamilton"]
[Date "2012.08.04"]
[Round "3.9"]
[White "Chen, David"]
[Black "Dare, Lillian"]
[Result "1/2-1/2"]
[WhiteElo "1200"]
[BlackElo "1231"]
[PlyCount "84"]
[EventDate "2012.08.03"]
[EventType "swiss"]
[EventRounds "6"]
[SourceDate "2012.08.05"]

1. e4 e5 2. Nf3 d6 3. Bc4 Qe7 4. Nc3 Be6 5. Bxe6 Qxe6 6. d4 Be7 7. Nd5 Qd7 8.
dxe5 c6 9. Nxe7 Qxe7 10. Bg5 f6 11. exf6 Qxe4+ 12. Be3 Nxf6 13. Qxd6 Qe7 14.
Qxe7+ Kxe7 15. O-O Nbd7 16. Rfe1 Rhe8 17. Bxa7+ Kf7 18. Rxe8 Rxe8 19. h3 h6 20.
Bd4 c5 21. Bxf6 Kxf6 22. Kf1 b5 23. Rd1 Re7 24. Nd2 Nb6 25. Nb1 b4 26. Rd6+ Re6
27. Rxe6+ Kxe6 28. Ke2 Ke5 29. b3 c4 30. Nd2 cxb3 31. axb3 Kd4 32. Nb1 Nd5 33.
Kd2 Nf4 34. g3 Nxh3 35. Ke2 g5 36. Kf1 g4 37. Ke2 h5 38. f4 Ng1+ 39. Kf2 Nf3
40. Ke2 h4 41. Kf2 h3 42. f5 Ng5 {(=)} 1/2-1/2

[Event "Waikato under 1800"]
[Site "Hamilton"]
[Date "2012.08.04"]
[Round "3.10"]
[White "Wang, Tony"]
[Black "Cao, Sheng"]
[Result "1/2-1/2"]
[WhiteElo "974"]
[BlackElo "1247"]
[PlyCount "151"]
[EventDate "2012.08.03"]
[EventType "swiss"]
[EventRounds "6"]
[SourceDate "2012.08.05"]

1. d4 d5 2. c4 dxc4 3. e3 e6 4. Bxc4 Nf6 5. Nc3 Bb4 6. Qb3 Nc6 7. a3 Ba5 8. Nf3
Ne4 9. Bd2 Bxc3 10. Bxc3 O-O 11. d5 exd5 12. Bxd5 Nxc3 13. Bxc6 Qd3 14. Bb5
Qxb5 15. Qxc3 b6 16. Qb4 Qxb4+ 17. axb4 Bb7 18. Ke2 Rfd8 19. Rhd1 Rxd1 20. Rxd1
g6 21. Ng1 a5 22. bxa5 Rxa5 23. f3 Ra2 24. Rd2 c5 25. b3 Ba6+ 26. Ke1 Ra1+ 27.
Rd1 Ra3 28. Rb1 Bd3 29. Rb2 Ba6 30. Ne2 b5 31. Kd2 Kg7 32. e4 Kf6 33. f4 g5 34.
g3 gxf4 35. gxf4 Ke6 36. Ng3 b4 37. Nh5 c4 38. bxc4 Bxc4 39. Rxb4 Ra2+ 40. Kc3
Rxh2 41. Ng7+ Kf6 42. Ne8+ Ke7 43. Rxc4 Kxe8 44. Kd4 h5 45. Rc8+ Ke7 46. e5 h4
47. Rh8 h3 48. Ke3 Ra2 49. f5 h2 50. Kf3 Ra3+ 51. Kf4 Ra2 52. Rh7 Rf2+ 53. Kg4
Rg2+ 54. Kf3 Ra2 55. Kg3 Ra5 56. Kf4 Ra4+ 57. Kg5 Ra5 58. e6 h1=Q 59. Rxh1 fxe6
60. Re1 Rxf5+ 61. Kg4 Kf6 62. Re4 Rg5+ 63. Kf3 e5 64. Rg4 Kf5 65. Rxg5+ Kxg5
66. Ke4 Kf6 67. Ke3 Kf5 68. Kf3 Kf6 69. Ke4 Ke6 70. Ke3 Kd5 71. Kd3 e4+ 72. Ke3
Ke5 73. Ke2 Kd4 74. Kd2 e3+ 75. Ke1 Kd3 76. Kd1 1/2-1/2

[Event "Waikato under 1800"]
[Site "Hamilton"]
[Date "2012.08.04"]
[Round "3.11"]
[White "Tuatini, Murray"]
[Black "Sayers, Nicholas"]
[Result "1-0"]
[WhiteElo "1249"]
[BlackElo "1352"]
[PlyCount "75"]
[EventDate "2012.08.03"]
[EventType "swiss"]
[EventRounds "6"]
[SourceDate "2012.08.05"]

1. e4 Nc6 2. Nf3 d6 3. Bc4 e6 4. d4 Nf6 5. Bg5 Be7 6. d5 Nxe4 7. dxc6 Nxg5 8.
Nxg5 Bxg5 9. cxb7 Bxb7 10. O-O O-O 11. Nc3 Qf6 12. Bd3 Bf4 13. Qh5 g6 14. Qg4
h5 15. Qe2 Qh4 16. g3 Qh3 17. Be4 d5 18. Bg2 Qf5 19. gxf4 Qxf4 20. Qf3 Qg5 21.
Nb5 Rab8 22. Nxc7 d4 23. Qg3 Qf5 24. Rac1 g5 25. b3 Kg7 26. Rfe1 Kg6 27. h4 g4
28. Re5 Qf6 29. Qd3+ Kh6 30. Qxd4 Bxg2 31. Rxh5+ Kxh5 32. Qxf6 Rg8 33. Kxg2
Rbd8 34. Re1 Rg6 35. Re5+ Kh6 36. Qxd8 Kg7 37. Rh5 Rh6 38. Ne8+ 1-0

[Event "Waikato under 1800"]
[Site "Hamilton"]
[Date "2012.08.04"]
[Round "3.12"]
[White "Wang, Aaron"]
[Black "Credo, James"]
[Result "1-0"]
[WhiteElo "853"]
[BlackElo "1401"]
[PlyCount "119"]
[EventDate "2012.08.03"]
[EventType "swiss"]
[EventRounds "6"]
[SourceDate "2012.08.05"]

1. Nf3 Nf6 2. g3 c6 3. Bg2 d5 4. d3 Nbd7 5. c4 e6 6. Nc3 Bb4 7. O-O Bxc3 8.
bxc3 O-O 9. Bg5 h6 10. Bxf6 Nxf6 11. Re1 Re8 12. e4 dxc4 13. dxc4 Qa5 14. Qc2
e5 15. Rad1 Be6 16. Bf1 Bg4 17. Bg2 Qc5 18. Qd3 Rad8 19. Qe2 Qa5 20. Qb2 Qc7
21. h3 Rxd1 22. Rxd1 Bh5 23. Rd2 Nxe4 24. Rd3 Bg6 25. Re3 f5 26. Nd2 Nc5 27. a3
e4 28. Kh2 Nd3 29. Qa2 Nxf2 30. c5+ Bf7 31. Qb2 f4 32. Re2 fxg3+ 33. Kg1 e3 34.
Nf1 Qf4 35. Qxb7 Bd5 36. Bxd5+ cxd5 37. Qxd5+ Kh8 38. Qg2 Re5 39. Qa8+ Kh7 40.
Qxa7 Rh5 41. c6 Rxh3 42. Qxe3 Qf5 43. Nxg3 Qb1+ 44. Kg2 Rxg3+ 45. Kxg3 Nh1+ 46.
Kg2 h5 47. Qe4+ Qxe4+ 48. Rxe4 Kh6 49. Rh4 g5 50. Rxh1 h4 51. c7 g4 52. c8=Q
h3+ 53. Kg3 Kg5 54. Qxg4+ Kf6 55. Qe4 Kf7 56. Qe5 h2 57. Rxh2 Kf8 58. Rf2+ Kg8
59. Qg5+ Kh7 60. Rh2# 1-0

[Event "Waikato under 1800"]
[Site "Hamilton"]
[Date "2012.08.04"]
[Round "4.1"]
[White "Budd, Michael"]
[Black "Qin, Joy Shu Yan"]
[Result "1-0"]
[WhiteElo "1794"]
[BlackElo "1485"]
[PlyCount "131"]
[EventDate "2012.08.03"]
[EventType "swiss"]
[EventRounds "6"]
[SourceDate "2012.08.05"]

1. d4 d5 2. c4 e6 3. Nf3 c5 4. cxd5 exd5 5. dxc5 Bxc5 6. Nc3 Nf6 7. e3 Nc6 8.
Be2 O-O 9. O-O a6 10. h3 h6 11. a3 Be6 12. Qc2 Bd6 13. Bd3 Qd7 14. Ne2 Rac8 15.
Qb1 Ne5 16. Nxe5 Bxe5 17. Nf4 Kh8 18. Nxe6 fxe6 19. Bd2 Bd6 20. Rd1 Qe7 21. Qa2
Ne4 22. Bxe4 dxe4 23. Rac1 Qf6 24. Be1 Rxc1 25. Rxc1 Qe5 26. g3 Qf5 27. Qc4
Qxh3 28. Qf1 Qxf1+ 29. Kxf1 Bxg3 30. Kg2 Be5 31. Bc3 Bf6 32. Bxf6 Rxf6 33. Rc4
Kh7 34. a4 Kg6 35. Rxe4 b5 36. axb5 axb5 37. Re5 Rf5 38. Rxe6+ Kf7 39. Re4 Kf6
40. Kg3 g5 41. Re8 h5 42. Rb8 g4 43. Rf8+ Kg5 44. Rxf5+ Kxf5 45. Kh4 Ke4 46.
Kxh5 Kf3 47. e4 Kxe4 48. Kxg4 b4 49. f4 Kd5 50. f5 Kd6 51. b3 Ke7 52. Kf4 Kf6
53. Ke4 Kf7 54. Ke5 Ke7 55. Kd5 Kf6 56. Kc5 Kxf5 57. Kxb4 Ke6 58. Kc5 Kd7 59.
Kb6 Kd6 60. b4 Kd7 61. Kb7 Kd6 62. b5 Kd7 63. b6 Kd8 64. Kb8 Kd7 65. b7 Kc6 66.
Kc8 1-0

[Event "Waikato under 1800"]
[Site "Hamilton"]
[Date "2012.08.04"]
[Round "4.2"]
[White "Brockway, Andrew"]
[Black "Dare, Richard J"]
[Result "1/2-1/2"]
[WhiteElo "1798"]
[BlackElo "1783"]
[PlyCount "88"]
[EventDate "2012.08.03"]
[EventType "swiss"]
[EventRounds "6"]
[SourceDate "2012.08.05"]

1. e4 d5 2. exd5 Qxd5 3. Nc3 Qe5+ 4. Qe2 Qxe2+ 5. Bxe2 c6 6. Nf3 g6 7. d4 Bg7
8. O-O Bf5 9. Bd3 Bxd3 10. cxd3 Nf6 11. Re1 e6 12. Ne4 O-O 13. Bg5 Nd5 14. Nc3
Na6 15. a3 Nac7 16. Rac1 Rfe8 17. Be3 Rad8 18. Red1 h6 19. Ne5 g5 20. Re1 f6
21. Nf3 f5 22. Rcd1 f4 23. Bc1 Ne7 24. h4 g4 25. Ne5 Rxd4 26. Nxg4 Red8 27. Ne5
Bxe5 28. Rxe5 Rxd3 29. Rxd3 Rxd3 30. Re4 Ned5 31. Bxf4 Nxf4 32. Rxf4 Nd5 33.
Nxd5 exd5 34. Rb4 b6 35. Kf1 c5 36. Rg4+ Kf7 37. h5 Rd1+ 38. Ke2 Rb1 39. b4
Rb2+ 40. Ke1 Rb1+ 41. Kd2 Rb2+ 42. Ke1 Rb1+ 43. Kd2 Rb2+ 44. Ke1 Rb1+ 1/2-1/2

[Event "Waikato under 1800"]
[Site "Hamilton"]
[Date "2012.08.04"]
[Round "4.4"]
[White "Cooper, Nigel"]
[Black "Chen, David"]
[Result "1-0"]
[WhiteElo "1655"]
[BlackElo "1200"]
[PlyCount "67"]
[EventDate "2012.08.03"]
[EventType "swiss"]
[EventRounds "6"]
[SourceDate "2012.08.05"]

1. d4 d5 2. Bg5 g6 3. e3 Bf5 4. Bd3 Bxd3 5. Qxd3 Nd7 6. Nf3 Ngf6 7. Bxf6 Nxf6
8. Qb5+ c6 9. Qxb7 Qc8 10. Qxc8+ Rxc8 11. b4 Bg7 12. Nbd2 O-O 13. c4 e6 14. Ne5
Rfd8 15. Ke2 Nd7 16. Nxd7 Rxd7 17. Rhc1 e5 18. Nb3 Re7 19. Kd3 Rd8 20. Na5 Re6
21. cxd5 Rxd5 22. Nxc6 exd4 23. Nxd4 Red6 24. Rc4 f5 25. Rac1 h5 26. Rc8+ Kh7
27. R8c7 Kh6 28. R1c4 Ra6 29. Rc2 Rad6 30. R2c4 Be5 31. f4 Bf6 32. R7c6 Rxc6
33. Rxc6 Rd7 34. Rxf6 1-0

[Event "Waikato under 1800"]
[Site "Hamilton"]
[Date "2012.08.04"]
[Round "4.5"]
[White "Gong, Daniel"]
[Black "Wang, Tony"]
[Result "1-0"]
[WhiteElo "1570"]
[BlackElo "974"]
[PlyCount "149"]
[EventDate "2012.08.03"]
[EventType "swiss"]
[EventRounds "6"]
[SourceDate "2012.08.05"]

1. e4 e5 2. Nf3 Nc6 3. Bc4 h6 4. Nc3 Nf6 5. O-O Bc5 6. d3 d6 7. Na4 Bd4 8. c3
Bb6 9. Nxb6 axb6 10. h3 O-O 11. Bb3 Qe7 12. Re1 Be6 13. Bd2 Bxb3 14. Qxb3 Rfe8
15. a3 Qe6 16. Qxe6 Rxe6 17. Re2 Na5 18. Rae1 c5 19. c4 Nb3 20. Be3 Nd7 21. Nd2
Nxd2 22. Rxd2 f6 23. Ra1 Ra5 24. Rdd1 b5 25. b4 cxb4 26. axb4 Rxa1 27. Rxa1
bxc4 28. dxc4 Re8 29. Ra7 Rb8 30. c5 dxc5 31. Bxc5 Nxc5 32. bxc5 Kf8 33. Kf1
Rc8 34. Rxb7 Rxc5 35. Ke2 Rc4 36. Kf3 Rc3+ 37. Kg4 g6 38. f3 Rc2 39. Kg3 Ra2
40. h4 h5 41. Rb1 Ke7 42. Rd1 Ke6 43. Kh3 Ra3 44. Rd2 Rb3 45. Kg3 Rc3 46. Kf2
Rc6 47. Ke2 Rd6 48. Rxd6+ Kxd6 49. Kd3 Kc6 50. g4 hxg4 51. fxg4 Kd6 52. h5 gxh5
53. gxh5 Ke7 54. Kc4 Kf7 55. Kd5 Kg7 56. Ke6 Kh6 57. Kxf6 Kxh5 58. Kxe5 Kg6 59.
Ke6 Kg7 60. e5 Kf8 61. Kd7 Kf7 62. e6+ Kf6 63. e7 Kf5 64. e8=Q Kf4 65. Qe6 Kf3
66. Qe5 Kf2 67. Qe4 Kg3 68. Qf5 Kg2 69. Qf4 Kh3 70. Qg5 Kh2 71. Ke6 Kh3 72. Kf5
Kh2 73. Kf4 Kh1 74. Kf3 Kh2 75. Qg2# 1-0

[Event "Waikato under 1800"]
[Site "Hamilton"]
[Date "2012.08.04"]
[Round "4.6"]
[White "Dare, Lillian"]
[Black "Davis, Daniel"]
[Result "0-1"]
[WhiteElo "1231"]
[BlackElo "1000"]
[PlyCount "78"]
[EventDate "2012.08.03"]
[EventType "swiss"]
[EventRounds "6"]
[SourceDate "2012.08.05"]

1. Nf3 g6 2. d4 Bg7 3. e3 Nf6 4. Bd3 O-O 5. O-O d5 6. c3 Bg4 7. Nbd2 Nc6 8. e4
dxe4 9. Bxe4 Nxe4 10. Nxe4 Qd5 11. Ned2 e5 12. dxe5 Nxe5 13. Qc2 Nxf3+ 14. Nxf3
Bxf3 15. gxf3 Qxf3 16. Qd1 Qxd1 17. Rxd1 Rad8 18. Bf4 c6 19. Rab1 Rfe8 20. Rxd8
Rxd8 21. Be3 a6 22. a3 h5 23. h3 b5 24. Kg2 f6 25. h4 Kh7 26. Kf3 Bh6 27. Bd4
Rd6 28. Kg3 g5 29. hxg5 fxg5 30. Re1 Kg6 31. Re8 a5 32. f3 Bg7 33. Bc5 Rd2 34.
b4 Bxc3 35. Re6+ Kf5 36. Rxc6 Be5+ 37. f4 h4+ 38. Kf3 g4+ 39. Ke3 Bxf4# 0-1

[Event "Waikato under 1800"]
[Site "Hamilton"]
[Date "2012.08.04"]
[Round "4.7"]
[White "Lim, Arvin"]
[Black "Metham, Michael"]
[Result "1-0"]
[WhiteElo "1223"]
[BlackElo "1285"]
[PlyCount "73"]
[EventDate "2012.08.03"]
[EventType "swiss"]
[EventRounds "6"]
[SourceDate "2012.08.05"]

1. e4 d5 2. exd5 Qxd5 3. Nc3 Qd6 4. Nf3 Nf6 5. d4 Bg4 6. Be2 Nbd7 7. O-O c6 8.
h3 Bh5 9. Nh4 Bg6 10. Nxg6 hxg6 11. Bf3 Qc7 12. Ne2 O-O-O 13. Be3 e6 14. c4 c5
15. Qa4 Kb8 16. Qb3 Nb6 17. Rfd1 cxd4 18. Rxd4 Bc5 19. Rxd8+ Rxd8 20. Bg5 Ka8
21. a4 a5 22. Bxf6 gxf6 23. Qc3 Nd7 24. Rd1 g5 25. Nc1 Kb8 26. Nb3 Bb6 27. c5
Nxc5 28. Rxd8+ Qxd8 29. Nxc5 Qd6 30. Nb3 Bc7 31. g3 Bb6 32. Kg2 Qd8 33. Bh5 Qe7
34. Nxa5 f5 35. Bf3 Qd8 36. Nxb7 Qg8 37. Qb4 1-0

[Event "Waikato under 1800"]
[Site "Hamilton"]
[Date "2012.08.04"]
[Round "4.8"]
[White "Hooton, Barry R"]
[Black "Symon, Benjamin"]
[Result "1-0"]
[WhiteElo "1608"]
[BlackElo "1100"]
[PlyCount "49"]
[EventDate "2012.08.03"]
[EventType "swiss"]
[EventRounds "6"]
[SourceDate "2012.08.05"]

1. d4 d5 2. c4 c6 3. Nc3 Nf6 4. Nf3 e6 5. Bg5 Be7 6. e3 b6 7. Bd3 Bb7 8. cxd5
Nxd5 9. Nxd5 cxd5 10. Bxe7 Qxe7 11. O-O Nc6 12. a3 e5 13. Bb5 e4 14. Ne5 Qd6
15. Rc1 Rc8 16. Qa4 O-O 17. Bxc6 Bxc6 18. Nxc6 Qc7 19. Qxa7 Rfe8 20. Qxc7 Rxc7
21. Nb4 Rec8 22. Rxc7 Rxc7 23. Nxd5 Rc2 24. Rb1 Rc6 25. Ne7+ 1-0

[Event "Waikato under 1800"]
[Site "Hamilton"]
[Date "2012.08.04"]
[Round "4.9"]
[White "Cao, Sheng"]
[Black "Tuatini, Murray"]
[Result "1-0"]
[WhiteElo "1247"]
[BlackElo "1249"]
[PlyCount "85"]
[EventDate "2012.08.03"]
[EventType "swiss"]
[EventRounds "6"]
[SourceDate "2012.08.05"]

1. e4 e5 2. Nf3 d6 3. Nc3 Nd7 4. b3 Ngf6 5. Bb2 Nc5 6. d3 Be6 7. Be2 Be7 8. O-O
O-O 9. d4 Ncxe4 10. dxe5 dxe5 11. Nxe4 Nxe4 12. Bd3 Nf6 13. Bxe5 Nd7 14. Qe2
Bf6 15. Rad1 Qc8 16. Bxf6 Nxf6 17. Ng5 Re8 18. Qf3 Bg4 19. Qf4 Bxd1 20. Rxd1 h6
21. Bh7+ Nxh7 22. Qxf7+ Kh8 23. h4 Rf8 24. Qe7 hxg5 25. Rd7 Qxd7 26. Qxd7 Rac8
27. hxg5 Nxg5 28. Qd5 Nf7 29. Qxb7 a5 30. Qa7 Rfd8 31. Qxa5 Rd1+ 32. Kh2 c6 33.
Qh5+ Kg8 34. Qxd1 Rd8 35. Qf3 Rd6 36. a4 Rh6+ 37. Kg1 Rf6 38. Qe3 Kf8 39. a5
Rd6 40. a6 Rd1+ 41. Kh2 Rd5 42. a7 Ra5 43. Qb6 1-0

[Event "Waikato under 1800"]
[Site "Hamilton"]
[Date "2012.08.04"]
[Round "4.10"]
[White "Qin, Nicole Shu Yu"]
[Black "Wang, Aaron"]
[Result "1-0"]
[WhiteElo "1013"]
[BlackElo "853"]
[PlyCount "107"]
[EventDate "2012.08.03"]
[EventType "swiss"]
[EventRounds "6"]
[SourceDate "2012.08.05"]

1. e4 c5 2. Nf3 Nc6 3. d4 cxd4 4. Nxd4 d6 5. Nxc6 bxc6 6. Be3 g6 7. Nc3 Bg7 8.
Qd2 Be6 9. Bd3 d5 10. exd5 cxd5 11. Bb5+ Kf8 12. O-O d4 13. Bxd4 Bxd4 14. Rad1
Bxf2+ 15. Rxf2 Qxd2 16. Rfxd2 Kg7 17. Rd8 Rxd8 18. Rxd8 Nf6 19. Rxh8 Kxh8 20.
b4 Bf5 21. Bc4 Bxc2 22. Bxf7 e5 23. Bc4 e4 24. a4 Kg7 25. a5 Kf8 26. b5 Ke8 27.
b6 axb6 28. a6 Kf8 29. a7 Kg7 30. a8=Q Kh6 31. Qa2 b5 32. Qxc2 bxc4 33. Nxe4
Nxe4 34. Qxe4 c3 35. Qe3+ Kg7 36. Qxc3+ Kh6 37. Qh8 g5 38. Qf6+ Kh5 39. Qg7 Kg4
40. Qxh7 Kf4 41. Kf2 Kg4 42. h3+ Kf4 43. Qh5 Ke4 44. Qxg5 Kd4 45. h4 Ke4 46. h5
Kd4 47. Qe3+ Kd5 48. h6 Kc4 49. h7 Kd5 50. h8=R Kc4 51. Rd8 Kb4 52. Qc1 Kb3 53.
Rb8+ Ka2 54. Qb2# 1-0

[Event "Waikato under 1800"]
[Site "Hamilton"]
[Date "2012.08.05"]
[Round "5.1"]
[White "Crombie, Nigel"]
[Black "Budd, Michael"]
[Result "1-0"]
[WhiteElo "1577"]
[BlackElo "1794"]
[PlyCount "105"]
[EventDate "2012.08.03"]
[EventType "swiss"]
[EventRounds "6"]
[SourceDate "2012.08.05"]

1. e4 e5 2. Nf3 Nf6 3. Nxe5 d6 4. Nf3 Nxe4 5. Nc3 d5 6. Qe2 Be6 7. Nxe4 dxe4 8.
Qxe4 Qd5 9. Qxd5 Bxd5 10. Be2 Nd7 11. O-O O-O-O 12. d4 Nb6 13. c3 Re8 14. Re1
Bd6 15. Kf1 f6 16. b3 Bf7 17. c4 Bb4 18. Bd2 Bxd2 19. Nxd2 c6 20. Bg4+ Kb8 21.
Rxe8+ Rxe8 22. Re1 Rd8 23. Nf3 Nc8 24. Bxc8 Kxc8 25. Re7 Rd7 26. Rxd7 Kxd7 27.
Ke2 Bg6 28. Nd2 Kd6 29. Ke3 Kc7 30. g4 Kb6 31. b4 a5 32. a3 axb4 33. axb4 Kc7
34. f4 Bf7 35. h4 Be6 36. f5 Bf7 37. c5 b6 38. Ne4 bxc5 39. bxc5 Kd7 40. Kf4 h6
41. g5 hxg5+ 42. hxg5 Bd5 43. gxf6 Bxe4 44. Kxe4 gxf6 45. d5 Kc7 46. d6+ Kd7
47. Kf4 Ke8 48. Kg4 Kf8 49. Kh5 Kf7 50. Kh6 Kf8 51. Kg6 Ke8 52. Kxf6 Kd7 53.
Kg7 1-0

[Event "Waikato under 1800"]
[Site "Hamilton"]
[Date "2012.08.05"]
[Round "5.2"]
[White "Kennedy, Ian"]
[Black "Cooper, Nigel"]
[Result "1-0"]
[WhiteElo "1481"]
[BlackElo "1655"]
[PlyCount "79"]
[EventDate "2012.08.03"]
[EventType "swiss"]
[EventRounds "6"]
[SourceDate "2012.08.05"]

1. e4 d5 2. exd5 Nf6 3. Nc3 Nxd5 4. Nxd5 Qxd5 5. d3 Qe5+ 6. Qe2 Qa5+ 7. Bd2 Qb6
8. Bc3 Nc6 9. Nf3 Bg4 10. h3 Bh5 11. g4 Bg6 12. Bg2 f6 13. O-O O-O-O 14. Qe6+
Kb8 15. Qb3 e5 16. Qxb6 axb6 17. a4 Bb4 18. Nh4 Bxc3 19. bxc3 Be8 20. Rfb1 Na5
21. Nf5 g6 22. Ne3 Bc6 23. c4 Bxg2 24. Kxg2 h5 25. Nd5 hxg4 26. hxg4 f5 27.
gxf5 gxf5 28. f3 Rdg8+ 29. Kf2 Rh2+ 30. Ke3 Rgg2 31. Re1 Rxc2 32. Rac1 f4+ 33.
Ke4 Rxc1 34. Rxc1 Re2+ 35. Kf5 Nb3 36. Rg1 Nd4+ 37. Kf6 Nxf3 38. Rg8+ Ka7 39.
Nxc7 b5 40. c5 1-0

[Event "Waikato under 1800"]
[Site "Hamilton"]
[Date "2012.08.05"]
[Round "5.3"]
[White "Qin, Joy Shu Yan"]
[Black "Brockway, Andrew"]
[Result "0-1"]
[WhiteElo "1485"]
[BlackElo "1798"]
[PlyCount "114"]
[EventDate "2012.08.03"]
[EventType "swiss"]
[EventRounds "6"]
[SourceDate "2012.08.05"]

1. e4 c5 2. c3 g6 3. d4 cxd4 4. cxd4 d5 5. e5 Bg7 6. Nc3 Nc6 7. Nf3 Bg4 8. Be2
Bxf3 9. Bxf3 e6 10. Be3 Nge7 11. Qd2 O-O 12. Nb5 f6 13. exf6 Bxf6 14. Bg4 Nf5
15. Bxf5 exf5 16. Nc3 Re8 17. O-O Na5 18. b3 b6 19. Rfe1 Qd7 20. Bg5 Bg7 21.
Qf4 Rac8 22. Qf3 Bxd4 23. Rxe8+ Rxe8 24. Rc1 Bxc3 25. Qxc3 d4 26. Qd3 Nc6 27.
Qc4+ Qe6 28. Kf1 Qxc4+ 29. Rxc4 Re6 30. Rc1 Kf7 31. Re1 Rxe1+ 32. Kxe1 Ke6 33.
Kd2 Kd5 34. f3 Kc5 35. a3 Kd5 36. Bf4 Na5 37. Kc2 Nc6 38. Kd3 a6 39. b4 b5 40.
g3 a5 41. Bd2 a4 42. Bf4 Ne7 43. Bg5 Nc6 44. Bf4 Ne5+ 45. Bxe5 Kxe5 46. h3 g5
47. g4 fxg4 48. fxg4 Kd5 49. Kd2 Kc4 50. Kc2 d3+ 51. Kd2 Kb3 52. Kxd3 Kxa3 53.
Kc3 h6 54. Kc2 Kxb4 55. Kb2 Kc4 56. Ka3 Kd4 57. Kb4 Ke4 0-1

[Event "Waikato under 1800"]
[Site "Hamilton"]
[Date "2012.08.05"]
[Round "5.4"]
[White "Judkins, Gary L"]
[Black "Dare, Richard J"]
[Result "0-1"]
[WhiteElo "1576"]
[BlackElo "1783"]
[PlyCount "108"]
[EventDate "2012.08.03"]
[EventType "swiss"]
[EventRounds "6"]
[SourceDate "2012.08.05"]

1. e4 e6 2. Nf3 c5 3. Be2 Be7 4. c3 d5 5. exd5 exd5 6. d4 Nf6 7. Bg5 Qb6 8.
Bxf6 Bxf6 9. dxc5 Qxb2 10. Nbd2 Bxc3 11. O-O Bxd2 12. Nxd2 O-O 13. Nb3 Nc6 14.
Bb5 Be6 15. Bxc6 bxc6 16. f4 f5 17. Rf2 Qf6 18. Re2 Bf7 19. Qd4 Qg6 20. Rae1
Rfe8 21. Nd2 Re6 22. Nf3 Re4 23. Qd2 Rae8 24. Ne5 Qe6 25. Rb1 Qe7 26. Rf2 Qxc5
27. Rc1 Qb5 28. Rf3 Re2 29. Qc3 Rxa2 30. Rg3 g6 31. Nd7 Ree2 32. Qf6 Qb2 33.
Qxb2 Raxb2 34. h4 Re6 35. h5 Rb4 36. h6 Rxf4 37. Rb1 Be8 38. Nc5 Re7 39. Rh3
Rc4 40. Na6 d4 41. Rb8 Kf7 42. Rhb3 c5 43. R8b7 Rc1+ 44. Kh2 c4 45. Rxe7+ Kxe7
46. Rb7+ Kf6 47. Rxh7 d3 48. Nc7 Bf7 49. Rh8 d2 50. Ne8+ Bxe8 51. Rxe8 d1=Q 52.
Rf8+ Kg5 53. Rxf5+ gxf5 54. h7 f4 0-1

[Event "Waikato under 1800"]
[Site "Hamilton"]
[Date "2012.08.05"]
[Round "5.5"]
[White "Smith, Vivian J"]
[Black "Gong, Daniel"]
[Result "0-1"]
[WhiteElo "1797"]
[BlackElo "1570"]
[PlyCount "80"]
[EventDate "2012.08.03"]
[EventType "swiss"]
[EventRounds "6"]
[SourceDate "2012.08.05"]

1. e4 c5 2. Nc3 d6 3. f4 Nc6 4. Nf3 g6 5. Bc4 Bg7 6. O-O Nf6 7. d3 O-O 8. a4
Bd7 9. Qe1 Nb4 10. Bb3 a6 11. h3 Qb6 12. Be3 Nxd3 13. Bxf7+ Rxf7 14. cxd3 Nh5
15. Rb1 Qc6 16. Ng5 Rff8 17. Qh4 h6 18. Nf3 Bf6 19. Qe1 Bxc3 20. bxc3 Kh7 21.
f5 gxf5 22. Qh4 f4 23. Bd2 Ng3 24. Rf2 e5 25. Nh2 Rab8 26. Ng4 Bxg4 27. hxg4
Rg8 28. a5 Qd7 29. Re1 Rxg4 30. Qh3 Rg7 31. Qxd7 Rxd7 32. Rb1 b5 33. axb6 Rdb7
34. Be1 Rxb6 35. Rxb6 Rxb6 36. Ra2 h5 37. Kh2 Nf1+ 38. Kh3 Ne3 39. g3 f3 40.
Rf2 Ng2 0-1

[Event "Waikato under 1800"]
[Site "Hamilton"]
[Date "2012.08.05"]
[Round "5.6"]
[White "Davis, Daniel"]
[Black "Lim, Arvin"]
[Result "0-1"]
[WhiteElo "1000"]
[BlackElo "1223"]
[PlyCount "66"]
[EventDate "2012.08.03"]
[EventType "swiss"]
[EventRounds "6"]
[SourceDate "2012.08.05"]

1. e4 e6 2. Nf3 d5 3. Bd3 d4 4. c3 dxc3 5. dxc3 Nc6 6. O-O Bd6 7. Re1 f6 8. b4
a6 9. Ba3 b5 10. Nd4 Nxd4 11. cxd4 e5 12. d5 Ne7 13. Nd2 O-O 14. Nb3 f5 15. Nc5
Bxc5 16. bxc5 f4 17. d6 Nc6 18. Bc4+ Kh8 19. Bd5 Bd7 20. g3 cxd6 21. cxd6 Qf6
22. Bxc6 fxg3 23. hxg3 Qxf2+ 24. Kh1 Bxc6 25. Qd3 Rf3 26. Qf1 Qxg3 27. Qg2 Qh4+
28. Kg1 Rg3 29. Bc5 Rxg2+ 30. Kxg2 Bxe4+ 31. Kf1 Rf8+ 32. Ke2 Qh2+ 33. Kd1 Qc2#
0-1

[Event "Waikato under 1800"]
[Site "Hamilton"]
[Date "2012.08.05"]
[Round "5.7"]
[White "Hooton, Barry R"]
[Black "Cao, Sheng"]
[Result "1/2-1/2"]
[WhiteElo "1608"]
[BlackElo "1247"]
[PlyCount "30"]
[EventDate "2012.08.03"]
[EventType "swiss"]
[EventRounds "6"]
[SourceDate "2012.08.05"]

1. d4 d5 2. c4 dxc4 3. Nc3 e6 4. e3 Nf6 5. Bxc4 Bb4 6. Bd2 O-O 7. Nf3 Nc6 8.
O-O b6 9. a3 Bxc3 10. bxc3 Na5 11. Be2 Bb7 12. c4 Nc6 13. Rb1 a5 14. c5 Rb8 15.
cxb6 cxb6 1/2-1/2

[Event "Waikato under 1800"]
[Site "Hamilton"]
[Date "2012.08.05"]
[Round "5.9"]
[White "Tuatini, Murray"]
[Black "Dare, Lillian"]
[Result "1/2-1/2"]
[WhiteElo "1249"]
[BlackElo "1231"]
[PlyCount "66"]
[EventDate "2012.08.03"]
[EventType "swiss"]
[EventRounds "6"]
[SourceDate "2012.08.05"]

1. e4 e6 2. d4 d5 3. exd5 exd5 4. Nc3 c6 5. Bd2 Be7 6. Bd3 Nf6 7. Nge2 O-O 8.
O-O Bd6 9. Bg5 Nbd7 10. Re1 Qc7 11. g3 a6 12. Qd2 b5 13. Bf4 Bxf4 14. Nxf4 Bb7
15. Bf1 Rfe8 16. Bg2 a5 17. a3 Qd6 18. Nce2 Nb6 19. c3 a4 20. Qc2 Nc4 21. Nd3
Na5 22. Nc5 Qc7 23. Nf4 Re7 24. Re2 Rae8 25. Rae1 Bc8 26. Re5 Rxe5 27. dxe5
Rxe5 28. Ncd3 Rxe1+ 29. Nxe1 Qe7 30. Qd1 Be6 31. Qe2 Qd6 32. Qe3 c5 33. Ned3 d4
{(=)} 1/2-1/2

[Event "Waikato under 1800"]
[Site "Hamilton"]
[Date "2012.08.05"]
[Round "5.10"]
[White "Chen, David"]
[Black "Wang, Tony"]
[Result "1-0"]
[WhiteElo "1200"]
[BlackElo "974"]
[PlyCount "135"]
[EventDate "2012.08.03"]
[EventType "swiss"]
[EventRounds "6"]
[SourceDate "2012.08.05"]

1. e4 e5 2. Nf3 Nc6 3. Bc4 h6 4. Nc3 Nf6 5. O-O Bc5 6. d3 d6 7. a3 Bd4 8. Nxd4
Nxd4 9. f3 O-O 10. Nd5 c6 11. Nxf6+ Qxf6 12. f4 b5 13. Ba2 Be6 14. c3 Bxa2 15.
cxd4 Be6 16. fxe5 Qe7 17. exd6 Qxd6 18. Be3 f5 19. Rc1 f4 20. Bd2 Qxd4+ 21. Kh1
Qxd3 22. Bb4 Qxd1 23. Rcxd1 Rf7 24. Rd6 Bd7 25. Rfd1 Bg4 26. Rf1 Bd7 27. e5 Re8
28. Re1 Re6 29. Red1 Rxd6 30. Rxd6 Re7 31. e6 Be8 32. Kg1 g5 33. Ba5 Kg7 34.
Bd8 Rb7 35. Kf2 Rb8 36. Be7 Rb7 37. Bd8 Rb8 38. Bc7 Rc8 39. Bd8 Kg6 40. e7+ Kg7
41. Ba5 h5 42. Rd8 Bd7 43. Rxc8 Kf7 44. Rh8 Kxe7 45. Bd8+ Kd6 46. Bxg5 a5 47.
Bxf4+ Kc5 48. Rxh5+ Kc4 49. Bc7 a4 50. Ke3 b4 51. Rh4+ Kb3 52. Rxb4+ Ka2 53.
Be5 c5 54. Rc4 Bc6 55. g4 Bd5 56. Rxc5 Bb3 57. h4 Kb1 58. g5 Ka1 59. h5 Bg8 60.
g6 Ka2 61. h6 Kb3 62. h7 Be6 63. h8=Q Ka2 64. b3 axb3 65. Qh2+ Kxa3 66. Qb2+
Kb4 67. Qc3+ Ka3 68. Ra5# 1-0

[Event "Waikato under 1800"]
[Site "Hamilton"]
[Date "2012.08.05"]
[Round "5.11"]
[White "Symon, Benjamin"]
[Black "Metham, Michael"]
[Result "1-0"]
[WhiteElo "1100"]
[BlackElo "1285"]
[PlyCount "72"]
[EventDate "2012.08.03"]
[EventType "swiss"]
[EventRounds "6"]
[SourceDate "2012.08.05"]

1. d4 d5 2. c4 Nc6 3. cxd5 Qxd5 4. e3 e5 5. Nc3 Bb4 6. Bd2 Bxc3 7. Bxc3 e4 8.
g3 Nge7 9. Bg2 Be6 10. Qc2 f5 11. Ne2 Qd7 12. O-O Ng6 13. f3 exf3 14. Bxf3
O-O-O 15. Rfd1 Bd5 16. e4 Bxe4 17. Bxe4 fxe4 18. Qxe4 Rhe8 19. Qg2 Nce7 20. Kh1
Nd5 21. Bd2 Qg4 22. Re1 Nf6 23. Rac1 Ne4 24. h3 Qe6 25. Nf4 Nxf4 26. Bxf4 Rd7
27. b3 h6 28. d5 Qxd5 29. Rcd1 Qe6 30. Rxd7 Kxd7 31. Rxe4 Qc6 32. Rd4+ Kc8 33.
Rc4 Re1+ 34. Kh2 Qa6 35. Bxc7 Ra1 36. Be5+ Kd7 1-0